=LDR 00000nam 2200000 4500 =001 INLIS000000000005238 =005 20130612093505 =008 ***********************************Ind** =035 ##$$0010-061300000005238 =041 ##$$a Ind =082 ##$$a 959.804 2 =090 ##$$a 959.804 2, Alf p =100 ##$$a ALFIAN, Ibrahim =245 ##$$a Perang di jalan Allah, Perang Aceh 1873 - 1912, Ibrahim Alfian =260 ##$$a 1987 $b Jakarta =300 ##$$a 282 hlm, ilus, 21 cm =650 ##$$a Sejarah Indonesia =650 ##$$a Penjajahan Belanda =850 ##$$a NBPNMAT